Fr. Conceicao Rodrigues College of Engineering

Elements of Environmental Enginnering (Record no. 25461)

MARC details
000 -LEADER
fixed length control field 00372nam a2200157Ia 4500
082 ## - DEWEY DECIMAL CLASSIFICATION NUMBER
Classification number 628
Item number DUG
100 ## - MAIN ENTRY--PERSONAL NAME
Personal name Duggal/K.N
245 ## - TITLE STATEMENT
Title Elements of Environmental Enginnering
260 ## - PUBLICATION, DISTRIBUTION, ETC.
Name of publisher, distributor, etc. S. Chand & co.
Place of publication, distribution, etc. NewDelhi
Date of publication, distribution, etc. 1997
300 ## - PHYSICAL DESCRIPTION
Extent 496
546 ## - LANGUAGE NOTE
Language note ENGLISH
650 ## - SUBJECT ADDED ENTRY--TOPICAL TERM
Topical term or geographic name entry element Automobiles
654 ## - SUBJECT ADDED ENTRY--FACETED TOPICAL TERMS
Focus term Elements of Environmental Enginnering
942 ## - ADDED ENTRY ELEMENTS (KOHA)
Koha item type BOOK
Holdings
Withdrawn status Lost status Damaged status Not for loan Collection Home library Current library Date acquired Total Checkouts Full call number Barcode Date last seen Price effective from Koha item type
        ITI Fr. Agnel's C.Rodrigues College of Engineering Fr. Agnel's C.Rodrigues College of Engineering 17/03/2023   628 DUG ITI433 17/03/2023 17/03/2023 BOOK